00620nam a22001697a 450000500170000001000230001702000260004003500110006603500130007703700130009008200150010324501550011826000470027327000800032030000290040070000210042920151120114505.0 aG-2355 ENG-114161 a9789350351703c495.00 aG-2355 aEN-97693 aDBAD/PUB a340.110954 aRule of Law and human rights in India :cedited by Lokendra Malik ; foreworded by P.N. Bhagwatibessays in honour and memory of Justice H.R. Khanna /  aNew DelhibUniversal Law Publishing c2012 aC-FF-1A, Dilkhush Industrial Estate, G.T. Karnal Road, bNew Delhi e110033 axxxviii,252p.c25cm(pbk) aMalik, Lokendra